000 00654ckc a22001935a 4500
001 L141017
008 071025n xxk eng u
035 _a(Sirsi) u141017
041 0 _aeng
245 0 1 _a[Collection of photographs showing nos. 19 and 20 Portugal Street before rebuilding, and an architect's drawing of the proposed new building on the site for the College of Estate Management]
_h[graphic]
260 _c[ca. 1920]
300 _a2 photographs
_bb&w
_c18 x 14 cm. and 19 x 16 cm.
340 _aPhotograph
351 _cFonds
610 2 4 _aCollege of Estate Management
_9400
651 4 _aLondon
690 _aABOUT RICS
942 _n0
999 _c116546
_d116546